| 000 | 01220naa a22003017a 4500 | ||
|---|---|---|---|
| 001 | BR7405101 | ||
| 003 | BR-BrBNA | ||
| 005 | 20240918173602.0 | ||
| 007 | ta | ||
| 008 | 230509b bl.||||| |||| 00| 0 por d | ||
| 040 |
_aBR-BrBNA _bpor _cBiblioteca Nacional de Agricultura |
||
| 041 | _a(Pt) | ||
| 072 |
_aF30 _b0230 _bG514 |
||
| 090 | _aF30 BR7405101 | ||
| 100 | 1 | _aRocha, A.M.C. | |
| 111 | 1 |
_a1. Seminario sobre Analise e Consequencias do Baixo Rendimento da Agro-Industria Acucareira de Alagoas _cMaceio, AL (Brazil) _d6 Jun 1974 |
|
| 245 | 1 | _aGenetica [Cana de acucar; Saccharum officinarum; Brasil] | |
| 260 | 3 |
_aMaceio, AL (Brasil): _c1974. |
|
| 500 | _a1. Seminario sobre Analise e Consequencias do Baixo Rendimento da Agro-Industria Acucareira de Alagoas Maceio, AL (Brasil): 1974. p. 1-19 (BR7405101-AM)F30 | ||
| 650 | _aMelhoramento genetico vegetal | ||
| 650 | _aCana de acucar | ||
| 650 | _aVariedade | ||
| 650 | _aRendimento | ||
| 650 | _aIndustrializacao | ||
| 773 | 0 |
_t1. Seminario sobre Analise e Consequencias do Baixo Rendimento da Agro-Industria Acucareira de Alagoas _wF30 BR7405101 _gMaceio, AL (Brasil), 1974. p. 1-19 |
|
| 909 |
_a202404 _bLucia _c55 _dLucia Elande |
||
| 942 |
_cAM _2AGRIS |
||
| 999 |
_c305582 _d305582 |
||